000 00419nam a22001697a 4500
005 20180202115519.0
008 160521b xxu||||| |||| 00| 0 eng d
020 _a81-239-0247-6
041 _aeng
082 _b3729
_a522.6
100 _aR.P. Khare
_9943
245 _aAnalyisis Instrumentation
260 _bCBS Publishing & Destributors
_c2002
300 _a203
650 _aDIPLOMA ENGINEERING
_9817
942 _cBK
999 _c1285
_d1285